[Event "Oberliga Ost A 2018 2019"]
[Site "?"]
[Date "2019.04.07"]
[Round "11.2"]
[White "Becker, Michael"]
[Black "Zimmermann, Rene"]
[Result "1/2-1/2"]
[WhiteElo "2272"]
[BlackElo "2225"]
[PlyCount "110"]
[EventDate "2018.10.21"]
[EventType "team-tourn"]
[EventCountry "GER"]
[WhiteTeam "Halle USV"]
[BlackTeam "Dresden SG Gruen Weiss"]
[WhiteTeamCountry "GER"]
[BlackTeamCountry "GER"]

1. e4 e6 2. d3 d5 3. Qe2 Nf6 4. Nf3 Be7 5. g3 c5 6. Bg2 Nc6 7. O-O b5 8. e5 Nd7
9. h4 a5 10. Bf4 b4 11. a3 Ba6 12. axb4 axb4 13. Nbd2 h6 14. h5 Ra7 15. c4 bxc3
16. bxc3 Qa8 17. c4 Nb4 18. Rfc1 O-O 19. Ne1 Bb7 20. Rxa7 Qxa7 21. Nc2 Qa2 22.
Nxb4 cxb4 23. d4 Qb2 24. Qe1 Qxd4 25. Nb3 Qd3 26. Na5 Ba8 27. cxd5 Bxd5 28. Rd1
Qa6 29. Bxd5 exd5 30. Nb3 Qe6 31. Nd4 Qg4 32. Nc6 Bc5 33. Rxd5 Qe6 34. Qd1 Qxc6
35. Rxd7 b3 36. Rd3 Qb6 37. Qxb3 Bxf2+ 38. Kg2 Bc5 39. Qxb6 Bxb6 40. Kf3 Re8
41. Rd7 Ba5 42. Kg4 Bc3 43. Kf5 Rc8 44. Rd5 Bb2 45. Rd1 Kf8 46. g4 Ke7 47. Rb1
Rc2 48. g5 g6+ 49. hxg6 fxg6+ 50. Kxg6 hxg5 51. Kxg5 Ke6 52. Kg4 Bxe5 53. Rb6+
Kd5 54. Rb5+ Rc5 55. Rxc5+ Kxc5 1/2-1/2

[Event "Oberliga Ost A 2018 2019"]
[Site "?"]
[Date "2019.04.07"]
[Round "11.3"]
[White "Hutsch, Oliver"]
[Black "Hartge, Gedeon"]
[Result "1/2-1/2"]
[WhiteElo "2139"]
[BlackElo "2209"]
[PlyCount "130"]
[EventDate "2018.10.21"]
[EventType "team-tourn"]
[EventCountry "GER"]
[WhiteTeam "Dresden SG Gruen Weiss"]
[BlackTeam "Halle USV"]
[WhiteTeamCountry "GER"]
[BlackTeamCountry "GER"]

1. d4 Nf6 2. g3 c5 3. d5 g6 4. Bg2 d6 5. e4 Bg7 6. Ne2 O-O 7. O-O Nbd7 8. h3
Rb8 9. a4 a6 10. Nd2 b5 11. axb5 axb5 12. Nb3 Bb7 13. f4 Ra8 14. Be3 Qc7 15. g4
Rxa1 16. Qxa1 Nb6 17. Qe1 Nc4 18. Bc1 e6 19. g5 Nd7 20. f5 exf5 21. exf5 gxf5
22. Rxf5 Nde5 23. Ng3 Bc8 24. Rf1 f5 25. gxf6 Rxf6 26. Rxf6 Bxf6 27. Nh5 Qf7
28. Qg3+ Ng6 29. Nxf6+ Qxf6 30. c3 Qe5 31. Kh2 Bf5 32. Nd2 Ne3 33. Nf3 Qxg3+
34. Kxg3 Nxg2 35. Kxg2 Be4 36. Kg3 Bxd5 37. Bh6 Ne7 38. Bf4 Kf7 39. Kf2 Nf5 40.
Nh2 Ke6 41. Ng4 Be4 42. Ne3 Ne7 43. Bh6 Ng6 44. Ke2 Ne5 45. b4 cxb4 46. cxb4
Nc6 47. Nd1 Nxb4 48. Nc3 Bd3+ 49. Ke3 Bf1 50. h4 Nc2+ 51. Ke4 b4 52. Nd1 d5+
53. Kf3 Bh3 54. Bd2 d4 55. Nb2 Bf5 56. Kf4 b3 57. Na4 Bg6 58. Nc5+ Kd5 59. Nxb3
Kc4 60. Nc1 Nb4 61. Kg5 Nd3 62. h5 Be4 63. Ne2 Bf3 64. Ng3 Nc5 65. Kf4 Bxh5
1/2-1/2

[Event "Oberliga Ost A 2018 2019"]
[Site "?"]
[Date "2019.04.07"]
[Round "11.4"]
[White "Schulte, Felix"]
[Black "Kunze, Christopher"]
[Result "1/2-1/2"]
[WhiteElo "2084"]
[BlackElo "2124"]
[PlyCount "43"]
[EventDate "2018.10.21"]
[EventType "team-tourn"]
[EventCountry "GER"]
[WhiteTeam "Halle USV"]
[BlackTeam "Dresden SG Gruen Weiss"]
[WhiteTeamCountry "GER"]
[BlackTeamCountry "GER"]

1. e4 c5 2. Nf3 Nc6 3. d4 cxd4 4. Nxd4 Nf6 5. Nc3 e5 6. Ndb5 d6 7. Bg5 a6 8.
Na3 b5 9. Nd5 Be7 10. Bxf6 Bxf6 11. c3 Bg5 12. Nc2 O-O 13. Bd3 g6 14. a4 bxa4
15. Rxa4 a5 16. Nce3 Rb8 17. b3 Be6 18. Bc4 Kh8 19. O-O f5 20. exf5 gxf5 21.
Nc2 Qd7 22. Qh5 1/2-1/2

[Event "Oberliga Ost A 2018 2019"]
[Site "?"]
[Date "2019.04.07"]
[Round "11.6"]
[White "Groebel, Aaron"]
[Black "Radke, Rocco Mario"]
[Result "1-0"]
[WhiteElo "2091"]
[BlackElo "2115"]
[PlyCount "85"]
[EventDate "2018.10.21"]
[EventType "team-tourn"]
[EventCountry "GER"]
[WhiteTeam "Halle USV"]
[BlackTeam "Dresden SG Gruen Weiss"]
[WhiteTeamCountry "GER"]
[BlackTeamCountry "GER"]

1. e4 g6 2. d4 Bg7 3. Nc3 d6 4. f4 Nf6 5. a3 O-O 6. Nf3 Bg4 7. h3 Bxf3 8. Qxf3
e5 9. fxe5 dxe5 10. d5 Ne8 11. Bd2 Nd6 12. O-O-O Nd7 13. g4 a6 14. h4 h6 15.
Ne2 b5 16. Ng3 a5 17. g5 h5 18. Rg1 f5 19. exf5 e4 20. Qe2 Nxf5 21. Nxf5 Rxf5
22. Bh3 Rf8 23. Qxe4 Kh7 24. Be3 Ne5 25. Bd4 Qd6 26. Rge1 Rae8 27. Be6 Nf3 28.
Bxg7 Kxg7 29. Re3 Qf4 30. Qxf4 Rxf4 31. Rc3 Nxh4 32. Rxc7+ Kh8 33. d6 Rff8 34.
Bd7 Rd8 35. Bxb5 Nf3 36. Rc5 Kg7 37. Bc6 h4 38. Rxa5 h3 39. Ra7+ Kh8 40. Bxf3
Rxf3 41. Re7 Kg8 42. d7 Rff8 43. Rde1 1-0

[Event "Oberliga Ost A 2018 2019"]
[Site "?"]
[Date "2019.04.07"]
[Round "11.7"]
[White "Dahl, Christoph"]
[Black "Groeger, Stefan"]
[Result "1-0"]
[WhiteElo "2030"]
[BlackElo "2127"]
[PlyCount "61"]
[EventDate "2018.10.21"]
[EventType "team-tourn"]
[EventCountry "GER"]
[WhiteTeam "Dresden SG Gruen Weiss"]
[BlackTeam "Halle USV"]
[WhiteTeamCountry "GER"]
[BlackTeamCountry "GER"]

1. e4 e6 2. d4 d5 3. Nc3 Nf6 4. e5 Nfd7 5. f4 c5 6. Nf3 Nc6 7. Be3 Be7 8. Qd2
O-O 9. dxc5 Nxc5 10. a3 f6 11. O-O-O f5 12. Bxc5 Bxc5 13. Kb1 Qe7 14. Na4 a6
15. Nxc5 Qxc5 16. Bd3 b5 17. Rhg1 Ra7 18. g4 g6 19. gxf5 exf5 20. h4 Rg7 21. h5
Rd8 22. hxg6 hxg6 23. Qh2 Kf7 24. Qh4 Rdg8 25. Qf6+ Ke8 26. Ng5 Ne7 27. Rh1 Kd8
28. b4 Qc3 29. Rh3 Qc6 30. Be2 Kc7 31. Kb2 1-0

[Event "Oberliga Ost A 2018 2019"]
[Site "?"]
[Date "2019.04.07"]
[Round "11.8"]
[White "Hartwig, Maik"]
[Black "Schreiter, Fabian"]
[Result "1-0"]
[WhiteElo "2097"]
[BlackElo "1827"]
[PlyCount "111"]
[EventDate "2018.10.21"]
[EventType "team-tourn"]
[EventCountry "GER"]
[WhiteTeam "Halle USV"]
[BlackTeam "Dresden SG Gruen Weiss"]
[WhiteTeamCountry "GER"]
[BlackTeamCountry "GER"]

1. d4 Nf6 2. Nf3 g6 3. c4 Bg7 4. Nc3 O-O 5. g3 d6 6. Bg2 Nc6 7. O-O Bf5 8. d5
Na5 9. Nd4 Bd7 10. Qd3 c5 11. Nc2 a6 12. Bd2 Rb8 13. Rab1 b5 14. b3 Qc7 15. e4
bxc4 16. bxc4 Rxb1 17. Rxb1 Rb8 18. Ne3 Ng4 19. Ncd1 Rxb1 20. Qxb1 Qb7 21. Qxb7
Nxb7 22. Nxg4 Bxg4 23. f3 Bd7 24. Bc3 Bxc3 25. Nxc3 Na5 26. Bf1 f5 27. Kf2 fxe4
28. Nxe4 Bf5 29. Nc3 g5 30. Ke3 Kf7 31. g4 Bg6 32. f4 gxf4+ 33. Kxf4 Kf6 34. h4
Bc2 35. g5+ Kg6 36. Be2 Kg7 37. h5 Kf7 38. Ke3 Kf8 39. Bd3 Bxd3 40. Kxd3 Kf7
41. Nd1 Nb7 42. Ke4 Nd8 43. Ne3 Kg7 44. Kf5 Kf7 45. g6+ hxg6+ 46. hxg6+ Kg7 47.
Nd1 Kf8 48. Nc3 Nb7 49. Na4 Kg7 50. Nb6 Kh6 51. Nc8 Na5 52. Nxe7 Nxc4 53. Kf6
Ne5 54. Nf5+ Kh5 55. g7 Ng4+ 56. Ke6 1-0

[Event "Oberliga Ost A 2018 2019"]
[Site "?"]
[Date "2019.04.07"]
[Round "11.1"]
[White "Urban, Konstantin"]
[Black "Pallas, Sebastian"]
[Result "1/2-1/2"]
[WhiteElo "2315"]
[BlackElo "2290"]
[PlyCount "84"]
[EventDate "2018.10.21"]
[EventType "team-tourn"]
[EventCountry "GER"]
[WhiteTeam "Dresden USV TU II"]
[BlackTeam "Loeberitz SG"]
[WhiteTeamCountry "GER"]
[BlackTeamCountry "GER"]

1. e4 c5 2. c3 d5 3. exd5 Qxd5 4. d4 cxd4 5. cxd4 Nc6 6. Nf3 Bg4 7. Be2 e6 8.
Nc3 Bb4 9. O-O Bxc3 10. bxc3 Nge7 11. Rb1 Qd7 12. Ba3 Bf5 13. Bd3 Bxd3 14. Qxd3
h6 15. Qb5 b6 16. c4 Na5 17. Qb4 Nac6 18. Qb5 Na5 19. Qxd7+ Kxd7 20. Ne5+ Ke8
21. Rbc1 f6 22. Nd3 Kd7 23. Nf4 Rhc8 24. Nxe6 Kxe6 25. Rce1+ Kf5 26. Rxe7 Nxc4
27. Bc1 Kg6 28. Rfe1 Nd6 29. g4 Rc4 30. h4 Rxd4 31. h5+ Kh7 32. f3 Nc4 33. Kg2
Ne5 34. Kg3 Rd3 35. Re3 Rxe3 36. Bxe3 Kg8 37. Rc7 Nf7 38. Kf2 Kf8 39. a4 Nd6
40. Bf4 Nf7 41. Be3 Nd6 42. Bf4 Nf7 1/2-1/2

[Event "Oberliga Ost A 2018 2019"]
[Site "?"]
[Date "2019.04.07"]
[Round "11.3"]
[White "Wong, Gengchun"]
[Black "Niegsch, Nicolas"]
[Result "1/2-1/2"]
[WhiteElo "2147"]
[BlackElo "2264"]
[PlyCount "82"]
[EventDate "2018.10.21"]
[EventType "team-tourn"]
[EventCountry "GER"]
[WhiteTeam "Dresden USV TU II"]
[BlackTeam "Loeberitz SG"]
[WhiteTeamCountry "GER"]
[BlackTeamCountry "GER"]

1. e4 c5 2. Nf3 d6 3. d4 cxd4 4. Nxd4 Nf6 5. Nc3 g6 6. Be3 Bg7 7. f3 O-O 8. Qd2
Nc6 9. Bc4 Bd7 10. O-O-O Rc8 11. Bb3 Nxd4 12. Bxd4 b5 13. a3 a5 14. Rhe1 b4 15.
axb4 axb4 16. Nd5 Nxd5 17. Bxg7 Kxg7 18. exd5 Kg8 19. Qd4 Rc5 20. Kd2 Re8 21.
Qxb4 Qc7 22. Re3 e6 23. dxe6 Bxe6 24. Qa4 Re7 25. Bxe6 fxe6 26. Ra1 d5 27. g3
e5 28. Qb3 Kg7 29. Rc3 Rxc3 30. Qxc3 Qb6 31. Re1 d4 32. Qa3 Ra7 33. Qb3 Qa5+
34. Ke2 e4 35. fxe4 Qh5+ 36. Kd2 Qxh2+ 37. Re2 Qh6+ 38. Kd3 Qg5 39. Qb8 Rf7 40.
Qd6 Qb5+ 41. Kd2 Qg5+ 1/2-1/2

[Event "Oberliga Ost A 2018 2019"]
[Site "?"]
[Date "2019.04.07"]
[Round "11.4"]
[White "Schuetze, Norman"]
[Black "Salzmann, Peter"]
[Result "1-0"]
[WhiteElo "2287"]
[BlackElo "2155"]
[PlyCount "89"]
[EventDate "2018.10.21"]
[EventType "team-tourn"]
[EventCountry "GER"]
[WhiteTeam "Loeberitz SG"]
[BlackTeam "Dresden USV TU II"]
[WhiteTeamCountry "GER"]
[BlackTeamCountry "GER"]

1. e4 e5 2. Nf3 Nc6 3. Bc4 Be7 4. O-O Nf6 5. d3 d6 6. c3 O-O 7. Re1 Na5 8. Bb5
c6 9. Ba4 b5 10. Bc2 Bg4 11. Nbd2 Nd7 12. h3 Be6 13. d4 f6 14. b3 Nb6 15. Nf1
Kh8 16. Ng3 Nb7 17. Be3 c5 18. Nf5 Rc8 19. d5 Bd7 20. g4 Qe8 21. Ng3 Ra8 22.
Kg2 a5 23. Nd2 b4 24. c4 a4 25. Qe2 Ra7 26. h4 Qa8 27. Rac1 Qc8 28. Nf5 Bxf5
29. exf5 Qd7 30. g5 axb3 31. axb3 Rfa8 32. Qh5 Bf8 33. Ne4 Qe7 34. Rg1 Nd7 35.
Kh1 Kg8 36. Qg4 Kh8 37. h5 Nd8 38. h6 Nf7 39. Qh5 fxg5 40. hxg7+ Bxg7 41. f6
Bxf6 42. Nxc5 Nd8 43. Ne4 Nc5 44. Nxf6 Qxf6 45. Qe8+ 1-0

[Event "Oberliga Ost A 2018 2019"]
[Site "?"]
[Date "2019.04.07"]
[Round "11.5"]
[White "Oehl, Tim"]
[Black "Schindler, Christian"]
[Result "1/2-1/2"]
[WhiteElo "2130"]
[BlackElo "2179"]
[PlyCount "63"]
[EventDate "2018.10.21"]
[EventType "team-tourn"]
[EventCountry "GER"]
[WhiteTeam "Dresden USV TU II"]
[BlackTeam "Loeberitz SG"]
[WhiteTeamCountry "GER"]
[BlackTeamCountry "GER"]

1. Nf3 Nf6 2. c4 g6 3. g3 Bg7 4. Bg2 O-O 5. O-O c6 6. Nc3 d5 7. cxd5 cxd5 8. d4
Nc6 9. Ne5 e6 10. f4 Bd7 11. Kh1 a6 12. Be3 b5 13. a3 Na5 14. b4 Nc4 15. Nxc4
bxc4 16. Bg1 Bc6 17. Qc2 Qc7 18. Rab1 Rab8 19. Rb2 Qd7 20. Rfb1 Rb7 21. Bf3 Rd8
22. Bg2 Rdb8 23. e3 Rd8 24. h3 Rdb8 25. Bh2 Ne8 26. g4 f5 27. Bg3 Nc7 28. Ra2
Nb5 29. Ne2 Nd6 30. Nc3 Nb5 31. Ne2 Nd6 32. Nc3 1/2-1/2

[Event "Oberliga Ost A 2018 2019"]
[Site "?"]
[Date "2019.04.07"]
[Round "11.6"]
[White "Schuster, Martin"]
[Black "Richter, Philipp"]
[Result "1-0"]
[WhiteElo "2201"]
[BlackElo "2036"]
[PlyCount "105"]
[EventDate "2018.10.21"]
[EventType "team-tourn"]
[EventCountry "GER"]
[WhiteTeam "Loeberitz SG"]
[BlackTeam "Dresden USV TU II"]
[WhiteTeamCountry "GER"]
[BlackTeamCountry "GER"]

1. e4 e6 2. d4 d5 3. Nd2 Nf6 4. e5 Nfd7 5. Bd3 c5 6. c3 Nc6 7. Ne2 cxd4 8. cxd4
f6 9. exf6 Nxf6 10. Nf3 Bd6 11. O-O Qc7 12. Bg5 O-O 13. Bh4 Bd7 14. Bg3 Nh5 15.
Rc1 Rxf3 16. gxf3 Rf8 17. b4 a6 18. a4 Qb8 19. b5 axb5 20. axb5 Ne7 21. Qc2 g6
22. Bxd6 Qxd6 23. Qc5 Qxc5 24. Rxc5 Rxf3 25. Rd1 Kf7 26. Rc7 Rxd3 27. Rxd3 Bxb5
28. Rf3+ Ke8 29. Re3 Bd7 30. Rxb7 Nf5 31. Ra3 Nf6 32. Raa7 Nd6 33. Rb8+ Ke7 34.
Nf4 Nf5 35. Rb4 Nd6 36. Nd3 Nc8 37. Ra6 Ne4 38. Ne5 Ned6 39. Ra8 Kd8 40. Ra3
Be8 41. Rh3 h5 42. Rg3 Nf5 43. Rc3 Ncd6 44. Rb8+ Ke7 45. Rc7+ Kf6 46. f4 Nxd4
47. Rxe8 Ne2+ 48. Kf1 Nxf4 49. Nd7+ Kf5 50. Rf8+ Ke4 51. Nc5+ Ke3 52. Nxe6 Nxe6
53. Re7 1-0

[Event "Oberliga Ost A 2018 2019"]
[Site "?"]
[Date "2019.04.07"]
[Round "11.7"]
[White "Ledfuss, Guntram"]
[Black "Kalkhof, Stefan"]
[Result "1/2-1/2"]
[WhiteElo "2002"]
[BlackElo "2209"]
[PlyCount "49"]
[EventDate "2018.10.21"]
[EventType "team-tourn"]
[EventCountry "GER"]
[WhiteTeam "Dresden USV TU II"]
[BlackTeam "Loeberitz SG"]
[WhiteTeamCountry "GER"]
[BlackTeamCountry "GER"]

1. d4 d5 2. Nf3 c6 3. c4 e6 4. cxd5 exd5 5. Qc2 Bd6 6. Nc3 Ne7 7. Bd2 Bf5 8. e4
dxe4 9. Nxe4 Bxe4 10. Qxe4 Nd7 11. Bc4 Nf6 12. Qc2 O-O 13. O-O Ned5 14. Ne5 Qc7
15. Rfe1 c5 16. Qf5 Ne7 17. Qg5 h6 18. Qg3 cxd4 19. Rac1 Bxe5 20. Rxe5 Nc6 21.
Bxh6 Ne8 22. Rxe8 Qxg3 23. Rxf8+ Kxf8 24. hxg3 gxh6 25. f4 1/2-1/2

[Event "Oberliga Ost A 2018 2019"]
[Site "?"]
[Date "2019.04.07"]
[Round "11.8"]
[White "Ozols, Andris"]
[Black "Schmalhofer, Adam"]
[Result "1-0"]
[WhiteElo "1647"]
[BlackElo "2083"]
[PlyCount "91"]
[EventDate "2018.10.21"]
[EventType "team-tourn"]
[EventCountry "GER"]
[WhiteTeam "Loeberitz SG"]
[BlackTeam "Dresden USV TU II"]
[WhiteTeamCountry "GER"]
[BlackTeamCountry "GER"]

1. e4 c5 2. Nf3 e6 3. g3 Nc6 4. Bg2 Nge7 5. O-O b5 6. Qe2 Qb6 7. b3 Bb7 8. Bb2
Nd4 9. Nxd4 cxd4 10. d3 Nc6 11. Nd2 Bb4 12. Rad1 Rc8 13. a3 Bc3 14. Bc1 d6 15.
f4 Rc7 16. f5 exf5 17. exf5+ Kd8 18. Qg4 f6 19. Ne4 Ne5 20. Qf4 Bxe4 21. Qxe4
Re8 22. b4 Nc4 23. Qa8+ Kd7 24. Qf3 Ne3 25. Bxe3 dxe3 26. Qe2 Qa6 27. Rf4 Qxa3
28. Re4 Rxe4 29. dxe4 Bd2 30. Qxb5+ Ke7 31. Qd5 Qxb4 32. Qe6+ Kf8 33. Bf3 Re7
34. Qc8+ Re8 35. Qd7 Qd4 36. c3 Qe5 37. Bh5 Qe7 38. Bxe8 e2 39. Rb1 Be3+ 40.
Kg2 Qxe4+ 41. Kh3 Qxe8 42. Qxd6+ Kg8 43. Rb8 Qxb8 44. Qxb8+ Kf7 45. Qc7+ Ke8
46. Qc8+ 1-0

[Event "Oberliga Ost A 2018 2019"]
[Site "?"]
[Date "2019.04.07"]
[Round "11.1"]
[White "Boehnisch, Manfred"]
[Black "Bures, Jaroslav"]
[Result "0-1"]
[WhiteElo "2287"]
[BlackElo "2384"]
[PlyCount "110"]
[EventDate "2018.10.21"]
[EventType "team-tourn"]
[EventCountry "GER"]
[WhiteTeam "Leipzig SG II"]
[BlackTeam "Hoyerswerda FVS ASP"]
[WhiteTeamCountry "GER"]
[BlackTeamCountry "GER"]

1. e4 c5 2. Nf3 d6 3. Bb5+ Nd7 4. d4 cxd4 5. Qxd4 a6 6. Bxd7+ Bxd7 7. O-O Rc8
8. Nc3 Bc6 9. Bg5 h6 10. Bh4 e5 11. Qe3 g5 12. Bg3 Nf6 13. Rfd1 Qe7 14. a4 Qe6
15. Nd2 h5 16. h4 gxh4 17. Bxh4 Rg8 18. Qf3 Ng4 19. Nf1 Bh6 20. Ng3 Bf4 21.
Nce2 Bg5 22. Bxg5 Rxg5 23. Nc3 Nf6 24. Nd5 Bxd5 25. exd5 Qe7 26. Nf5 Qd7 27.
Ne3 Ng4 28. Rd2 f5 29. b3 Nxe3 30. Qxe3 f4 31. Qe4 Rc3 32. Rd3 Rxc2 33. Rf3 Qg4
34. Rxf4 Qxg2+ 35. Qxg2 Rxg2+ 36. Kxg2 exf4 37. Rh1 Rc3 38. Rxh5 Rxb3 39. Rh7
a5 40. f3 Kd8 41. Rf7 Rb4 42. Kh3 Kc8 43. Kg4 Rxa4 44. Kf5 b5 45. Ke6 b4 46.
Rxf4 b3 47. Rxa4 b2 48. Rxa5 b1=Q 49. Ra8+ Kc7 50. Ra7+ Kb6 51. Rg7 Qb2 52. Rg5
Kc5 53. f4 Qe2+ 54. Kf6 Qe4 55. Rf5 Kd4 0-1

[Event "Oberliga Ost A 2018 2019"]
[Site "?"]
[Date "2019.04.07"]
[Round "11.2"]
[White "Spivak, Ilya"]
[Black "Schunk, Thomas"]
[Result "1/2-1/2"]
[WhiteElo "2311"]
[BlackElo "2113"]
[PlyCount "25"]
[EventDate "2018.10.21"]
[EventType "team-tourn"]
[EventCountry "GER"]
[WhiteTeam "Hoyerswerda FVS ASP"]
[BlackTeam "Leipzig SG II"]
[WhiteTeamCountry "GER"]
[BlackTeamCountry "GER"]

1. e4 g6 2. d4 Bg7 3. Nc3 d6 4. Nf3 Nf6 5. h3 O-O 6. Be3 c6 7. a4 Qc7 8. Qd2
Nbd7 9. Bh6 Re8 10. Bxg7 Kxg7 11. Bd3 e5 12. O-O h6 13. Rfe1 1/2-1/2

[Event "Oberliga Ost A 2018 2019"]
[Site "?"]
[Date "2019.04.07"]
[Round "11.3"]
[White "Schultz, Andreas"]
[Black "Orsag, Milan"]
[Result "0-1"]
[WhiteElo "2183"]
[BlackElo "2309"]
[PlyCount "56"]
[EventDate "2018.10.21"]
[EventType "team-tourn"]
[EventCountry "GER"]
[WhiteTeam "Leipzig SG II"]
[BlackTeam "Hoyerswerda FVS ASP"]
[WhiteTeamCountry "GER"]
[BlackTeamCountry "GER"]

1. d4 d5 2. c4 e6 3. Nc3 c5 4. cxd5 exd5 5. Nf3 Nc6 6. g3 Nf6 7. Bg2 Be7 8. O-O
O-O 9. dxc5 Bxc5 10. a3 Ne4 11. Nxd5 Be6 12. Ne3 f5 13. b4 Qf6 14. Bb2 Qxb2 15.
bxc5 Rad8 16. Qc1 Qxe2 17. Rb1 Rd7 18. Rb2 Qa6 19. Nd2 Nd4 20. Nxe4 fxe4 21.
Re1 Qa5 22. Bxe4 Nb3 23. Nc4 Qa4 24. Rxb3 Qxb3 25. Na5 Qa2 26. Qe3 Bd5 27. Bb1
Qb2 28. Bf5 Rxf5 0-1

[Event "Oberliga Ost A 2018 2019"]
[Site "?"]
[Date "2019.04.07"]
[Round "11.5"]
[White "Limpert, Michael"]
[Black "Kesik, Klaus Dieter"]
[Result "0-1"]
[WhiteElo "2150"]
[BlackElo "2196"]
[PlyCount "106"]
[EventDate "2018.10.21"]
[EventType "team-tourn"]
[EventCountry "GER"]
[WhiteTeam "Leipzig SG II"]
[BlackTeam "Hoyerswerda FVS ASP"]
[WhiteTeamCountry "GER"]
[BlackTeamCountry "GER"]

1. e4 c6 2. d4 d5 3. Nc3 dxe4 4. Nxe4 Bf5 5. Ng3 Bg6 6. Nf3 Nd7 7. h4 h6 8. h5
Bh7 9. Bd3 Bxd3 10. Qxd3 Ngf6 11. Bd2 e6 12. O-O-O Be7 13. Kb1 O-O 14. Ne4 c5
15. c3 cxd4 16. Nxd4 Qa5 17. Nxf6+ Nxf6 18. g4 Qd5 19. Qe2 Qe4+ 20. Qxe4 Nxe4
21. Be3 Rfd8 22. f3 Nd6 23. Rd3 Nc4 24. Rhd1 Nxe3 25. Rxe3 Kf8 26. f4 Rd5 27.
Red3 Rad8 28. Kc2 Ke8 29. f5 exf5 30. Nxf5 Rxd3 31. Rxd3 Rxd3 32. Kxd3 Bf8 33.
Ke4 g6 34. Nh4 Be7 35. Nf3 Kf8 36. c4 Kg7 37. hxg6 fxg6 38. Ke5 Kf7 39. b3 Bb4
40. Ng1 a5 41. Nf3 b6 42. g5 h5 43. Kd5 Bc5 44. Ne5+ Kg7 45. Nf3 Bf2 46. a3 h4
47. b4 axb4 48. axb4 h3 49. c5 bxc5 50. bxc5 Bg3 51. Ke6 h2 52. Nxh2 Bxh2 53.
c6 Bf4 {Notation noch unsicher} 0-1

[Event "Oberliga Ost A 2018 2019"]
[Site "?"]
[Date "2019.04.07"]
[Round "11.6"]
[White "Jahnel, Guenther"]
[Black "Dietze, Frank"]
[Result "1/2-1/2"]
[WhiteElo "2199"]
[BlackElo "2096"]
[PlyCount "40"]
[EventDate "2018.10.21"]
[EventType "team-tourn"]
[EventCountry "GER"]
[WhiteTeam "Hoyerswerda FVS ASP"]
[BlackTeam "Leipzig SG II"]
[WhiteTeamCountry "GER"]
[BlackTeamCountry "GER"]

1. d4 Nf6 2. c4 g6 3. Nc3 Bg7 4. Nf3 O-O 5. Bg5 c5 6. d5 h6 7. Bf4 d6 8. Qd2 g5
9. Bg3 Nh5 10. e4 f5 11. exf5 Bxf5 12. Bd3 Bxd3 13. Qxd3 Nf4 14. Bxf4 Rxf4 15.
Ne2 Rf7 16. h4 Qa5+ 17. Kf1 g4 18. Nh2 Nd7 19. Nxg4 h5 20. Ne3 Raf8 1/2-1/2

[Event "Oberliga Ost A 2018 2019"]
[Site "?"]
[Date "2019.04.07"]
[Round "11.7"]
[White "Roemling, Sven"]
[Black "Boehm, Robert"]
[Result "1/2-1/2"]
[WhiteElo "2169"]
[BlackElo "2165"]
[PlyCount "24"]
[EventDate "2018.10.21"]
[EventType "team-tourn"]
[EventCountry "GER"]
[WhiteTeam "Leipzig SG II"]
[BlackTeam "Hoyerswerda FVS ASP"]
[WhiteTeamCountry "GER"]
[BlackTeamCountry "GER"]

1. d4 d5 2. Nf3 Nf6 3. c4 e6 4. g3 Bb4+ 5. Bd2 Be7 6. Qc2 O-O 7. Bg2 c6 8. O-O
Nbd7 9. b3 b6 10. Rd1 a5 11. Nc3 Ba6 12. e4 dxc4 1/2-1/2

[Event "Oberliga Ost A 2018 2019"]
[Site "?"]
[Date "2019.04.07"]
[Round "11.8"]
[White "Grohmann, Alexander"]
[Black "Fasshauer, Jacob"]
[Result "0-1"]
[WhiteElo "2013"]
[BlackElo "2003"]
[PlyCount "44"]
[EventDate "2018.10.21"]
[EventType "team-tourn"]
[EventCountry "GER"]
[WhiteTeam "Hoyerswerda FVS ASP"]
[BlackTeam "Leipzig SG II"]
[WhiteTeamCountry "GER"]
[BlackTeamCountry "GER"]

1. e4 c5 2. Nc3 e6 3. f4 d5 4. Bb5+ Nc6 5. Nf3 Nf6 6. exd5 exd5 7. Ne5 Bd7 8.
Qe2 Be7 9. Bxc6 Bxc6 10. Nxc6 bxc6 11. O-O O-O 12. d3 Re8 13. Qf3 Bd6 14. b3
Re7 15. Na4 Qc7 16. Bb2 d4 17. Ba3 Re3 18. Qf2 Qe7 19. Rae1 Bxf4 20. Bxc5 Qe5
21. c3 Bxh2+ 22. Kh1 Bg3 0-1

[Event "Oberliga Ost A 2018 2019"]
[Site "?"]
[Date "2019.04.07"]
[Round "11.1"]
[White "Hollan, Martin"]
[Black "Mueller, Frank"]
[Result "1/2-1/2"]
[WhiteElo "2387"]
[BlackElo "2266"]
[PlyCount "85"]
[EventDate "2018.10.21"]
[EventType "team-tourn"]
[EventCountry "GER"]
[WhiteTeam "Magdeburg SV Rochade"]
[BlackTeam "Leipzig VfB Schach"]
[WhiteTeamCountry "GER"]
[BlackTeamCountry "GER"]

1. d4 Nf6 2. c4 g6 3. Nc3 d5 4. cxd5 Nxd5 5. e4 Nxc3 6. bxc3 Bg7 7. Nf3 c5 8.
Rb1 O-O 9. Be2 cxd4 10. cxd4 Qa5+ 11. Bd2 Qxa2 12. O-O a5 13. Qc1 Bg4 14. Bc4
Qa4 15. Bb5 Qa2 16. Bg5 Bxf3 17. gxf3 Nc6 18. Bxc6 bxc6 19. Bxe7 Bxd4 20. Bxf8
Rxf8 21. Qxc6 Bxf2+ 22. Kh1 Qe2 23. e5 Rd8 24. Qe4 Rd2 25. Qxe2 Rxe2 26. Ra1
Bd4 27. Rxa5 Bxe5 28. f4 Bc7 29. Rc5 Bd6 30. Rd5 Bc7 31. Rg5 f5 32. Rg2 Re4 33.
Rgf2 Kf7 34. Kg2 Kf8 35. Rf3 h6 36. h4 Kf7 37. h5 gxh5 38. Kh3 Kg6 39. Kg3 Bd6
40. Rg1 Kf6 41. Rgf1 Kg6 42. R1f2 Bc7 43. Kg2 1/2-1/2

[Event "Oberliga Ost A 2018 2019"]
[Site "?"]
[Date "2019.04.07"]
[Round "11.2"]
[White "Geiling, Christian"]
[Black "Mikes, Jan"]
[Result "1/2-1/2"]
[WhiteElo "2162"]
[BlackElo "2394"]
[PlyCount "35"]
[EventDate "2018.10.21"]
[EventType "team-tourn"]
[EventCountry "GER"]
[WhiteTeam "Leipzig VfB Schach"]
[BlackTeam "Magdeburg SV Rochade"]
[WhiteTeamCountry "GER"]
[BlackTeamCountry "GER"]

1. d4 Nf6 2. c4 g6 3. Nc3 Bg7 4. e4 d6 5. f4 O-O 6. Nf3 c5 7. d5 e6 8. dxe6
fxe6 9. Bd3 Nc6 10. O-O Ne7 11. Ne2 b5 12. cxb5 c4 13. Bc2 Ng4 14. Qe1 Qb6+ 15.
Kh1 Ne3 16. Bxe3 Qxe3 17. Rd1 d5 18. e5 1/2-1/2

[Event "Oberliga Ost A 2018 2019"]
[Site "?"]
[Date "2019.04.07"]
[Round "11.3"]
[White "Hollan, Petr"]
[Black "Rohne, Lars"]
[Result "1-0"]
[WhiteElo "2288"]
[BlackElo "2134"]
[PlyCount "53"]
[EventDate "2018.10.21"]
[EventType "team-tourn"]
[EventCountry "GER"]
[WhiteTeam "Magdeburg SV Rochade"]
[BlackTeam "Leipzig VfB Schach"]
[WhiteTeamCountry "GER"]
[BlackTeamCountry "GER"]

1. e4 c5 2. Nf3 d6 3. d4 cxd4 4. Nxd4 Nf6 5. Nc3 a6 6. Bg5 Nbd7 7. Qe2 e6 8. f4
Be7 9. O-O-O Qc7 10. g4 b5 11. a3 Bb7 12. Kb1 Nc5 13. Bg2 Rb8 14. e5 dxe5 15.
fxe5 Nfd7 16. Bxe7 Kxe7 17. Bxb7 Qxb7 18. Rhf1 Qc7 19. Nf5+ Kf8 20. Nd6 f6 21.
exf6 gxf6 22. Nce4 Ke7 23. Nxc5 Nxc5 24. g5 Rbf8 25. gxf6+ Rxf6 26. Rxf6 Kxf6
27. Qf3+ 1-0